[Event "Madrid ch - Final 2018"]
[Site "Madrid ESP"]
[Date "2018.05.26"]
[Round "1.1"]
[White "Espinosa Aranda, Angel"]
[Black "Martinez Fernandez, Raul"]
[Result "1-0"]
[WhiteElo "2465"]
[BlackElo "2176"]
[PlyCount "53"]
[EventDate "2018.05.26"]
[EventType "swiss"]
[EventRounds "7"]
[EventCountry "ESP"]
[SourceTitle "Ajedrez en Madrid"]
[Source "lmi"]
[SourceDate "2018.05.26"]
[SourceVersion "1"]
[SourceVersionDate "2018.06.02"]
[SourceQuality "1"]

1. d4 d5 2. c4 c6 3. Nf3 Nf6 4. Qc2 g6 5. e3 Bg7 6. Bd3 O-O 7. O-O Na6 8. a3
Nd7 9. cxd5 cxd5 10. Nc3 Nc7 11. Qb3 e6 12. Bd2 Re8 13. Rac1 b6 14. Nb5 Nxb5
15. Bxb5 a6 16. Qa4 Ra7 17. Rc2 Rc7 18. Rxc7 Qxc7 19. Bxa6 Bxa6 20. Qxa6 e5 21.
Rc1 Qd8 22. Qb7 exd4 23. exd4 Nf6 24. Ne5 Ne4 25. Qxf7+ Kh8 26. Rc7 Rg8 27. Bh6
1-0

[Event "Madrid ch - Final 2018"]
[Site "Madrid ESP"]
[Date "2018.05.26"]
[Round "1.2"]
[White "Pastor Alonso de Prado, Emilio Alberto"]
[Black "Pulvett Marin, Daniel Eduardo"]
[Result "0-1"]
[WhiteElo "2148"]
[BlackElo "2455"]
[PlyCount "20"]
[EventDate "2018.05.26"]
[EventType "swiss"]
[EventRounds "7"]
[EventCountry "ESP"]
[SourceTitle "Ajedrez en Madrid"]
[Source "lmi"]
[SourceDate "2018.05.26"]
[SourceVersion "1"]
[SourceVersionDate "2018.06.02"]
[SourceQuality "1"]

1. e4 c5 2. c3 d5 3. exd5 Qxd5 4. Nf3 Nf6 5. Na3 Nc6 6. Bc4 Qd8 7. O-O a6 8.
Re1 Bg4 9. Qb3 e6 10. Qxb7 Na5 0-1

[Event "Madrid ch - Final 2018"]
[Site "Madrid ESP"]
[Date "2018.05.26"]
[Round "1.3"]
[White "Moreno Ruiz, Javier"]
[Black "Mkrtchyan, Levon"]
[Result "1-0"]
[WhiteElo "2447"]
[BlackElo "2141"]
[PlyCount "71"]
[EventDate "2018.05.26"]
[EventType "swiss"]
[EventRounds "7"]
[EventCountry "ESP"]
[SourceTitle "Ajedrez en Madrid"]
[Source "lmi"]
[SourceDate "2018.05.26"]
[SourceVersion "1"]
[SourceVersionDate "2018.06.02"]
[SourceQuality "1"]

1. d4 Nf6 2. c4 c5 3. d5 b5 4. cxb5 a6 5. bxa6 Bxa6 6. Nc3 d6 7. e4 Bxf1 8.
Kxf1 g6 9. Nf3 Bg7 10. g3 Nbd7 11. Kg2 O-O 12. a4 Ra6 13. Re1 Qa8 14. Bd2 Rc8
15. b3 e6 16. dxe6 fxe6 17. Rb1 d5 18. Qe2 d4 19. Nb5 Ne8 20. h4 Nd6 21. Ng5
Nxb5 22. Qxb5 Ne5 23. Bf4 Nf7 24. Nxf7 Kxf7 25. f3 e5 26. Qc4+ Re6 27. Bd2 Qa6
28. Rec1 Rb8 29. Kf2 Qxc4 30. bxc4 Reb6 31. Rb5 Bf8 32. Ke2 Ke6 33. Kd3 Bd6 34.
Rcb1 Rxb5 35. cxb5 Rf8 36. Rf1 1-0

[Event "Madrid ch - Final 2018"]
[Site "Madrid ESP"]
[Date "2018.05.26"]
[Round "1.4"]
[White "Torres Bosch, Jose Francisco"]
[Black "Martin Duque, Jesus"]
[Result "0-1"]
[WhiteElo "2137"]
[BlackElo "2377"]
[PlyCount "56"]
[EventDate "2018.05.26"]
[EventType "swiss"]
[EventRounds "7"]
[EventCountry "ESP"]
[SourceTitle "Ajedrez en Madrid"]
[Source "lmi"]
[SourceDate "2018.05.26"]
[SourceVersion "1"]
[SourceVersionDate "2018.06.02"]
[SourceQuality "1"]

1. e4 e6 2. d4 d5 3. Nc3 Bb4 4. exd5 exd5 5. Bd3 Nc6 6. Nge2 Nge7 7. O-O Bg4 8.
Nb5 a6 9. c3 axb5 10. cxb4 Nxb4 11. Bxb5+ c6 12. Bd2 Qb6 13. Bxb4 Qxb5 14. Qd2
Qxe2 15. Qg5 h6 16. Qxg7 Rg8 17. Qf6 Qe6 18. Qf4 Ng6 19. Qc7 Qd7 20. Rae1+ Be6
21. Qg3 Ne7 22. Qe5 O-O-O 23. f4 Nf5 24. Ba5 Rde8 25. Bb6 Qd6 26. Qe2 Bd7 27.
Qd2 Rxe1 28. Rxe1 Nh4 0-1

[Event "Madrid ch - Final 2018"]
[Site "Madrid ESP"]
[Date "2018.05.26"]
[Round "1.5"]
[White "Roa Alonso, Santiago"]
[Black "Aguilera Lopez, Alejandro"]
[Result "1-0"]
[WhiteElo "2355"]
[BlackElo "2098"]
[PlyCount "57"]
[EventDate "2018.05.26"]
[EventType "swiss"]
[EventRounds "7"]
[EventCountry "ESP"]
[SourceTitle "Ajedrez en Madrid"]
[Source "lmi"]
[SourceDate "2018.05.26"]
[SourceVersion "1"]
[SourceVersionDate "2018.06.02"]
[SourceQuality "1"]

1. e4 c5 2. Nf3 e6 3. d4 cxd4 4. Nxd4 Nf6 5. Bd3 Nc6 6. Nxc6 bxc6 7. O-O d5 8.
Nd2 Be7 9. e5 Nd7 10. Re1 Qb6 11. Qg4 O-O 12. Nf3 f5 13. exf6 Nxf6 14. Qg3 Bc5
15. Re2 Ba6 16. Bh6 Rf7 17. Ne5 Bxd3 18. cxd3 Rb7 19. Bg5 Rf8 20. Rf1 Bd4 21.
Qh3 c5 22. Nf3 Re7 23. Rfe1 Rfe8 24. Nxd4 cxd4 25. f4 Qd6 26. Qg3 Kf7 27. Re5
h6 28. Bh4 Qb6 29. f5 1-0

[Event "Madrid ch - Final 2018"]
[Site "Madrid ESP"]
[Date "2018.05.26"]
[Round "1.6"]
[White "Sanchez Garcia, Aurelio"]
[Black "Candela Perez, Jose"]
[Result "1/2-1/2"]
[WhiteElo "2060"]
[BlackElo "2353"]
[PlyCount "86"]
[EventDate "2018.05.26"]
[EventType "swiss"]
[EventRounds "7"]
[EventCountry "ESP"]
[SourceTitle "Ajedrez en Madrid"]
[Source "lmi"]
[SourceDate "2018.05.26"]
[SourceVersion "1"]
[SourceVersionDate "2018.06.02"]
[SourceQuality "1"]

1. Nf3 Nf6 2. b3 d5 3. Bb2 Bf5 4. e3 e6 5. d3 Be7 6. Nbd2 O-O 7. Qe2 h6 8. h3
c5 9. g4 Bh7 10. g5 hxg5 11. Nxg5 Bg6 12. Bg2 Nc6 13. a3 Nd7 14. h4 Bf6 15.
O-O-O a5 16. f4 Bxb2+ 17. Kxb2 Qf6+ 18. c3 d4 19. Bxc6 bxc6 20. Nde4 Qe7 21. a4
f6 22. h5 Bf5 23. Nf3 Bxe4 24. dxe4 dxc3+ 25. Kxc3 Nb6 26. Nd2 Rab8 27. h6 g6
28. Qg4 Kh7 29. Rhg1 Rg8 30. Nc4 Nxc4 31. bxc4 Rb4 32. Rd2 Rb7 33. Rb2 Rb4 34.
Rd2 Rb7 35. Rb2 Rxb2 36. Kxb2 Kxh6 37. Kc2 Qf7 38. Rd1 Rb8 39. Rh1+ Kg7 40. Qh3
Qg8 41. Qh6+ Kf7 42. Rd1 Ke7 43. e5 fxe5 1/2-1/2

[Event "Madrid ch - Final 2018"]
[Site "Madrid ESP"]
[Date "2018.05.26"]
[Round "1.7"]
[White "Perez Gonzalez, Jose Manuel"]
[Black "Rodrigo Yanguas, Maria"]
[Result "1-0"]
[WhiteElo "2252"]
[BlackElo "2054"]
[PlyCount "129"]
[EventDate "2018.05.26"]
[EventType "swiss"]
[EventRounds "7"]
[EventCountry "ESP"]
[SourceTitle "Ajedrez en Madrid"]
[Source "lmi"]
[SourceDate "2018.05.26"]
[SourceVersion "1"]
[SourceVersionDate "2018.06.02"]
[SourceQuality "1"]

1. e4 c5 2. Nc3 d6 3. f4 Nc6 4. Nf3 g6 5. Bc4 Bg7 6. d3 e6 7. O-O Nge7 8. Qe1
h6 9. Bb3 a6 10. a4 Nd4 11. Nxd4 cxd4 12. Ne2 d5 13. e5 Nc6 14. a5 Bf8 15. Ba4
Bd7 16. Bxc6 bxc6 17. Nxd4 c5 18. Nf3 Rb8 19. b3 Be7 20. Be3 Rb5 21. Bd2 Qc7
22. Kh1 Bc6 23. Ng1 Kd7 24. Ne2 Ba8 25. Nc3 Rbb8 26. Na4 d4 27. Nb6+ Rxb6 28.
axb6 Qxb6 29. Qe2 h5 30. Rab1 h4 31. h3 Rd8 32. Qg4 Rb8 33. Rfc1 Qc6 34. Ra1
Bb7 35. Qe2 Rg8 36. Qg4 Rb8 37. Ra4 Ra8 38. Rca1 Ke8 39. Be1 Qd5 40. Bf2 Qc6
41. Rg1 Kd7 42. Bxh4 Rh8 43. Bxe7 Kxe7 44. Kh2 Rh5 45. Raa1 Qc8 46. Rgf1 Qh8
47. Rae1 Qc8 48. Rf2 Qc6 49. Qe2 Rh7 50. Qd2 Rh5 51. b4 Rh8 52. bxc5 Ra8 53.
Qb4 Rd8 54. Re4 a5 55. Qxa5 Ra8 56. Qb4 Ra4 57. Qb2 Qd7 58. Re1 Bc6 59. Ra1
Rxa1 60. Qxa1 g5 61. fxg5 Qd5 62. Qc1 Qxc5 63. Qf4 Be8 64. g6 f5 65. exf6+ 1-0

[Event "Madrid ch - Final 2018"]
[Site "Madrid ESP"]
[Date "2018.05.26"]
[Round "1.8"]
[White "Pindado Campos, Raul"]
[Black "Fernandez Lledo, Javier"]
[Result "0-1"]
[WhiteElo "2018"]
[BlackElo "2241"]
[PlyCount "71"]
[EventDate "2018.05.26"]
[EventType "swiss"]
[EventRounds "7"]
[EventCountry "ESP"]
[SourceTitle "Ajedrez en Madrid"]
[Source "lmi"]
[SourceDate "2018.05.26"]
[SourceVersion "1"]
[SourceVersionDate "2018.06.02"]
[SourceQuality "1"]

1. d4 Nf6 2. Nf3 e6 3. c4 d5 4. Nc3 dxc4 5. e4 Bb4 6. Bg5 c5 7. dxc5 Qa5 8.
Bxf6 gxf6 9. Be2 Nc6 10. O-O Bxc5 11. Bxc4 a6 12. a3 Qc7 13. Ba2 Qf4 14. b4 Ba7
15. b5 Ne5 16. Nxe5 Qxe5 17. Qd3 Bd7 18. Rad1 Rd8 19. Kh1 axb5 20. f4 Qc5 21.
f5 Qe5 22. fxe6 fxe6 23. Rf3 Bb6 24. Qf1 Bc7 25. Rh3 Kf8 26. Qf2 Be8 27. Rf1
Kg7 28. Rg3+ Bg6 29. Nxb5 Ba5 30. Bc4 Rd7 31. Rf3 Rf8 32. Qh4 Bxe4 33. Rg3+ Bg6
34. Be2 Qxe2 35. Rgf3 Qxb5 36. Rxf6 0-1

[Event "Madrid ch - Final 2018"]
[Site "Madrid ESP"]
[Date "2018.05.26"]
[Round "1.10"]
[White "Santamaria Baeza, Adolfo"]
[Black "Iagar, Razvan-Gabriel"]
[Result "0-1"]
[WhiteElo "1901"]
[BlackElo "2213"]
[PlyCount "130"]
[EventDate "2018.05.26"]
[EventType "swiss"]
[EventRounds "7"]
[EventCountry "ESP"]
[SourceTitle "Ajedrez en Madrid"]
[Source "lmi"]
[SourceDate "2018.05.26"]
[SourceVersion "1"]
[SourceVersionDate "2018.06.02"]
[SourceQuality "1"]

1. e4 e6 2. d4 d5 3. e5 c5 4. c3 Nc6 5. Nf3 Qb6 6. a3 c4 7. Nbd2 Na5 8. Be2 Bd7
9. O-O h6 10. Re1 Ne7 11. h3 Nc8 12. Rb1 Qc7 13. b4 cxb3 14. Nxb3 Ba4 15. Nfd2
Qxc3 16. Bb2 Qc7 17. Bd3 Nb6 18. Rc1 Qd8 19. Qf3 Nxb3 20. Nxb3 Be7 21. Nc5 Bc6
22. Qg4 Bf8 23. a4 Qg5 24. Qe2 Bxc5 25. Rxc5 Nxa4 26. Rxc6 bxc6 27. Qc2 Nb6 28.
Qxc6+ Kf8 29. Re3 Qd8 30. Rf3 Qd7 31. Qc2 Rc8 32. Ba3+ Kg8 33. Bc5 Na4 34. Ba6
Nxc5 35. Bxc8 Qxc8 36. Rc3 g6 37. Rxc5 Qa6 38. Qd2 Kg7 39. Qf4 Rc8 40. Kh2 Qb7
41. Qf6+ Kg8 42. Ra5 Qb6 43. Ra3 Qxd4 44. Rf3 Rf8 45. Rg3 Qe4 46. f4 Qf5 47.
Qh4 Kg7 48. Rf3 Rb8 49. Qe7 a5 50. Qc5 a4 51. Qa7 Rb3 52. Qxa4 Rxf3 53. gxf3 g5
54. Kg3 Qxf4+ 55. Qxf4 gxf4+ 56. Kxf4 Kg6 57. Kg4 f6 58. Kf4 f5 59. Ke3 Kg5 60.
f4+ Kh4 61. Kd4 Kg3 62. Kc5 Kxf4 63. Kd6 d4 64. Kxe6 d3 65. Kf6 d2 0-1

[Event "Madrid ch - Final 2018"]
[Site "Madrid ESP"]
[Date "2018.05.26"]
[Round "1.11"]
[White "Nuñez Muñoz, Jesus"]
[Black "Rosa Ramirez, Victor Diego"]
[Result "1/2-1/2"]
[WhiteElo "2193"]
[BlackElo "1884"]
[PlyCount "37"]
[EventDate "2018.05.26"]
[EventType "swiss"]
[EventRounds "7"]
[EventCountry "ESP"]
[SourceTitle "Ajedrez en Madrid"]
[Source "lmi"]
[SourceDate "2018.05.26"]
[SourceVersion "1"]
[SourceVersionDate "2018.06.02"]
[SourceQuality "1"]

1. e4 e6 2. d4 d5 3. Nd2 dxe4 4. Nxe4 Bd7 5. Nf3 Bc6 6. Ned2 Nd7 7. Bd3 Ngf6 8.
Nc4 Be7 9. O-O Bd5 10. Nce5 c5 11. dxc5 Bxf3 12. Nxf3 Nxc5 13. Bb5+ Ncd7 14.
Ne5 a6 15. Nxd7 Nxd7 16. Be2 Nf6 17. c4 Qxd1 18. Rxd1 Rc8 19. Bf4 1/2-1/2

[Event "Madrid ch - Final 2018"]
[Site "Madrid ESP"]
[Date "2018.05.26"]
[Round "1.12"]
[White "Fernandez Aransay, Fernando"]
[Black "Lin, Yingrui"]
[Result "0-1"]
[WhiteElo "1871"]
[BlackElo "2188"]
[PlyCount "106"]
[EventDate "2018.05.26"]
[EventType "swiss"]
[EventRounds "7"]
[EventCountry "ESP"]
[SourceTitle "Ajedrez en Madrid"]
[Source "lmi"]
[SourceDate "2018.05.26"]
[SourceVersion "1"]
[SourceVersionDate "2018.06.02"]
[SourceQuality "1"]

1. e4 e5 2. Nf3 Nf6 3. Nxe5 d6 4. Nf3 Nxe4 5. d3 Nf6 6. d4 d5 7. c4 c6 8. Bd3
Bd6 9. c5 Bc7 10. O-O O-O 11. Bg5 Bg4 12. Nc3 Nbd7 13. h3 Be6 14. Re1 h6 15.
Bh4 Qb8 16. Qc2 b6 17. b4 Qb7 18. Ne5 bxc5 19. bxc5 Nxe5 20. dxe5 Nd7 21. Be7
Rfe8 22. Rab1 Qc8 23. Bd6 Ba5 24. f4 d4 25. f5 Bxc3 26. fxe6 Rxe6 27. Re2 Re8
28. Bc4 d3 29. Bxf7+ Kxf7 30. Rf2+ Kg8 31. Qxc3 Re6 32. Qc4 Qe8 33. Rbf1 Kh8
34. Qxd3 Nxe5 35. Qg3 Ng6 36. Rf7 Kh7 37. Bf8 Qxf8 38. Rxf8 Nxf8 39. Rf7 Rg6
40. Qd3 Ne6 41. h4 Rd8 42. Qc2 Rd5 43. Qe4 Nxc5 44. Qc2 Ne6 45. Rxa7 c5 46. Ra6
Nf4 47. Qe4 Rd4 48. Qf5 Ne2+ 49. Kf2 Rf4+ 50. Qxf4 Nxf4 51. Ra5 c4 52. g3 Rc6
53. gxf4 c3 0-1

[Event "Madrid ch - Final 2018"]
[Site "Madrid ESP"]
[Date "2018.05.27"]
[Round "2.1"]
[White "Fernandez Lledo, Javier"]
[Black "Espinosa Aranda, Angel"]
[Result "0-1"]
[WhiteElo "2241"]
[BlackElo "2465"]
[PlyCount "72"]
[EventDate "2018.05.26"]
[EventType "swiss"]
[EventRounds "7"]
[EventCountry "ESP"]
[SourceTitle "Ajedrez en Madrid"]
[Source "lmi"]
[SourceDate "2018.05.26"]
[SourceVersion "1"]
[SourceVersionDate "2018.06.02"]
[SourceQuality "1"]

1. e4 c5 2. Nf3 Nc6 3. Nc3 g6 4. h4 Nf6 5. Bc4 d6 6. d4 cxd4 7. Nxd4 Bg7 8.
Nde2 Bd7 9. Bf4 Qa5 10. f3 Rc8 11. Bb3 Ne5 12. Qd2 h5 13. O-O-O Nc4 14. Bxc4
Rxc4 15. Bg5 O-O 16. Kb1 Rfc8 17. Bxf6 exf6 18. Nd5 Qd8 19. c3 f5 20. Ne3 Bh6
21. Qxd6 Bxe3 22. Qxd7 Qxd7 23. Rxd7 fxe4 24. Rxb7 exf3 25. gxf3 Re8 26. Ng3
Rf4 27. Re1 Rxf3 28. Nf1 Kg7 29. b4 g5 30. Nxe3 Rexe3 31. Rxe3 Rxe3 32. Rxa7
gxh4 33. Rd7 h3 34. Rd2 Rxc3 35. Rh2 Rg3 36. b5 Rg1+ 0-1

[Event "Madrid ch - Final 2018"]
[Site "Madrid ESP"]
[Date "2018.05.27"]
[Round "2.2"]
[White "Pulvett Marin, Daniel Eduardo"]
[Black "Roa Alonso, Santiago"]
[Result "1-0"]
[WhiteElo "2455"]
[BlackElo "2355"]
[PlyCount "85"]
[EventDate "2018.05.26"]
[EventType "swiss"]
[EventRounds "7"]
[EventCountry "ESP"]
[SourceTitle "Ajedrez en Madrid"]
[Source "lmi"]
[SourceDate "2018.05.26"]
[SourceVersion "1"]
[SourceVersionDate "2018.06.02"]
[SourceQuality "1"]

1. d4 d5 2. Nf3 Nf6 3. g3 e6 4. Bg2 c5 5. O-O Nc6 6. c4 cxd4 7. Nxd4 Be7 8. Nc3
O-O 9. cxd5 exd5 10. b3 Bg4 11. h3 Be6 12. Nxe6 fxe6 13. Bb2 Qe8 14. e4 d4 15.
Nb5 Rd8 16. e5 Nd5 17. Bxd5 Rxd5 18. Nc7 Qd7 19. Nxd5 Qxd5 20. f4 g5 21. Kh2
Rf5 22. Rc1 Bc5 23. Qc2 Bb6 24. Qc4 Qxc4 25. bxc4 Bc5 26. Kg2 b6 27. Rcd1 gxf4
28. gxf4 Kf7 29. Rf3 Ke8 30. Rdf1 Na5 31. Rd1 Nc6 32. Kg3 Kd7 33. Ba3 Na5 34.
Bxc5 bxc5 35. Rc1 Rf8 36. Ra3 Nc6 37. Rb1 Kc7 38. Rb5 Rd8 39. Kf2 d3 40. Ke1
Nd4 41. Rxa7+ Kc6 42. Rba5 Nf3+ 43. Kf2 1-0

[Event "Madrid ch - Final 2018"]
[Site "Madrid ESP"]
[Date "2018.05.27"]
[Round "2.3"]
[White "Iagar, Razvan-Gabriel"]
[Black "Moreno Ruiz, Javier"]
[Result "0-1"]
[WhiteElo "2213"]
[BlackElo "2447"]
[PlyCount "66"]
[EventDate "2018.05.26"]
[EventType "swiss"]
[EventRounds "7"]
[EventCountry "ESP"]
[SourceTitle "Ajedrez en Madrid"]
[Source "lmi"]
[SourceDate "2018.05.26"]
[SourceVersion "1"]
[SourceVersionDate "2018.06.02"]
[SourceQuality "1"]

1. d4 Nf6 2. c4 e6 3. Nf3 d5 4. cxd5 exd5 5. Nc3 c6 6. Bg5 Be7 7. Qc2 g6 8. e3
Bf5 9. Bd3 Bxd3 10. Qxd3 Nbd7 11. O-O O-O 12. Rab1 a5 13. Qc2 Re8 14. Rfc1 Ne4
15. Bf4 Ndf6 16. h3 Bd6 17. Bxd6 Nxd6 18. Na4 Nfe4 19. Nc5 Qe7 20. Ne5 f6 21.
Ned3 g5 22. Qe2 Qf7 23. Na4 h5 24. Nb6 Ra6 25. Na4 Ra7 26. Ndc5 Nf5 27. Nxe4
Rxe4 28. Qc2 Nh4 29. Nc5 Re7 30. a3 f5 31. Re1 g4 32. hxg4 hxg4 33. Nd3 Nf3+
0-1

[Event "Madrid ch - Final 2018"]
[Site "Madrid ESP"]
[Date "2018.05.27"]
[Round "2.4"]
[White "Martin Duque, Jesus"]
[Black "Perez Gonzalez, Jose Manuel"]
[Result "1-0"]
[WhiteElo "2377"]
[BlackElo "2252"]
[PlyCount "69"]
[EventDate "2018.05.26"]
[EventType "swiss"]
[EventRounds "7"]
[EventCountry "ESP"]
[SourceTitle "Ajedrez en Madrid"]
[Source "lmi"]
[SourceDate "2018.05.26"]
[SourceVersion "1"]
[SourceVersionDate "2018.06.02"]
[SourceQuality "1"]

1. Nf3 c5 2. e4 e6 3. d4 cxd4 4. Nxd4 Nf6 5. Nc3 Nc6 6. a3 d6 7. Be2 Be7 8. Be3
a6 9. Qd2 Qc7 10. f4 Bd7 11. O-O-O O-O 12. g4 Rfc8 13. g5 Ne8 14. Rhf1 b5 15.
Nxc6 Bxc6 16. f5 Qb7 17. Bd3 e5 18. f6 Bf8 19. fxg7 Bxg7 20. Nd5 Bxd5 21. exd5
b4 22. axb4 Rab8 23. b5 e4 24. Be2 axb5 25. Qb4 Qe7 26. Kb1 Nc7 27. Rf4 Qxg5
28. Rxe4 Nxd5 29. Bxg5 Nxb4 30. Rxb4 Be5 31. Bd3 Bxh2 32. Rh4 Be5 33. Rxh7 Kf8
34. Rf1 Rc7 35. Bf6 1-0

[Event "Madrid ch - Final 2018"]
[Site "Madrid ESP"]
[Date "2018.05.27"]
[Round "2.5"]
[White "Lin, Yingrui"]
[Black "De La Fuente Gonzalez, Francisco"]
[Result "1/2-1/2"]
[WhiteElo "2188"]
[BlackElo "2213"]
[PlyCount "52"]
[EventDate "2018.05.26"]
[EventType "swiss"]
[EventRounds "7"]
[EventCountry "ESP"]
[SourceTitle "Ajedrez en Madrid"]
[Source "lmi"]
[SourceDate "2018.05.26"]
[SourceVersion "1"]
[SourceVersionDate "2018.06.02"]
[SourceQuality "1"]

1. c4 c5 2. Nc3 Nc6 3. g3 g6 4. Bg2 Bg7 5. e3 e5 6. Nge2 Nge7 7. a3 a5 8. O-O
O-O 9. Nd5 d6 10. d3 Be6 11. Rb1 f5 12. Nec3 Rb8 13. b4 axb4 14. axb4 Nxb4 15.
Nxb4 cxb4 16. Rxb4 d5 17. Qb3 e4 18. Rb6 Bf7 19. Ba3 Bxc3 20. Bxe7 Qxe7 21.
Qxc3 dxc4 22. dxc4 Rbc8 23. Rfb1 Rxc4 24. Qb2 Rc7 25. Bf1 Bd5 26. Ba6 Re8
1/2-1/2

[Event "Madrid ch - Final 2018"]
[Site "Madrid ESP"]
[Date "2018.05.27"]
[Round "2.6"]
[White "Candela Perez, Jose"]
[Black "Nuñez Muñoz, Jesus"]
[Result "1/2-1/2"]
[WhiteElo "2353"]
[BlackElo "2193"]
[PlyCount "40"]
[EventDate "2018.05.26"]
[EventType "swiss"]
[EventRounds "7"]
[EventCountry "ESP"]
[SourceTitle "Ajedrez en Madrid"]
[Source "lmi"]
[SourceDate "2018.05.26"]
[SourceVersion "1"]
[SourceVersionDate "2018.06.02"]
[SourceQuality "1"]

1. d4 Nf6 2. c4 e6 3. Nf3 b6 4. a3 Bb7 5. Nc3 d5 6. cxd5 exd5 7. g3 Be7 8. Bg2
O-O 9. O-O Nbd7 10. Qc2 c5 11. Rd1 Re8 12. Bf4 a6 13. Ne5 cxd4 14. Nxd7 dxc3
15. Nxf6+ Bxf6 16. bxc3 Rc8 17. Rd3 Qe7 18. Be3 b5 19. Ra2 Rc4 20. Qb3 Rec8
1/2-1/2

[Event "Madrid ch - Final 2018"]
[Site "Madrid ESP"]
[Date "2018.05.27"]
[Round "2.7"]
[White "Cabañas Bravo, Juan Andres"]
[Black "Sanchez Garcia, Aurelio"]
[Result "1/2-1/2"]
[WhiteElo "1936"]
[BlackElo "2060"]
[PlyCount "47"]
[EventDate "2018.05.26"]
[EventType "swiss"]
[EventRounds "7"]
[EventCountry "ESP"]
[SourceTitle "Ajedrez en Madrid"]
[Source "lmi"]
[SourceDate "2018.05.26"]
[SourceVersion "1"]
[SourceVersionDate "2018.06.02"]
[SourceQuality "1"]

1. e4 g6 2. d4 Bg7 3. Nc3 d6 4. f4 Nf6 5. Nf3 O-O 6. e5 dxe5 7. fxe5 Nd5 8. Bc4
Be6 9. Qe2 Nxc3 10. bxc3 Bxc4 11. Qxc4 Nc6 12. Rb1 Na5 13. Qa4 b6 14. c4 Qe8
15. Qxe8 Rfxe8 16. Rb4 c5 17. dxc5 bxc5 18. Ra4 Nc6 19. Bf4 f6 20. exf6 exf6+
21. Kf2 Re4 22. Bd6 Bf8 23. Bxf8 Kxf8 24. Re1 1/2-1/2

[Event "Madrid ch - Final 2018"]
[Site "Madrid ESP"]
[Date "2018.05.27"]
[Round "2.8"]
[White "Rosa Ramirez, Victor Diego"]
[Black "Pastor Alonso de Prado, Emilio Alberto"]
[Result "0-1"]
[WhiteElo "1884"]
[BlackElo "2148"]
[PlyCount "57"]
[EventDate "2018.05.26"]
[EventType "swiss"]
[EventRounds "7"]
[EventCountry "ESP"]
[SourceTitle "Ajedrez en Madrid"]
[Source "lmi"]
[SourceDate "2018.05.26"]
[SourceVersion "1"]
[SourceVersionDate "2018.06.02"]
[SourceQuality "1"]

1. e4 d6 2. d4 Nf6 3. Bc4 c6 4. Nc3 d5 5. exd5 cxd5 6. Bd3 Nc6 7. Nge2 a6 8. a3
Bg4 9. f3 Bh5 10. O-O e6 11. Kh1 Bd6 12. Re1 Qc7 13. Qd2 Bg6 14. b4 O-O 15. Rb1
Ne7 16. b5 Rfc8 17. b6 Qd8 18. Ng3 Nd7 19. Na4 Rc6 20. Qg5 Nxb6 21. Nxb6 Rxb6
22. Ra1 Rc6 23. f4 Nf5 24. Qxd8+ Rxd8 25. Nxf5 Bxf5 26. Rb1 Bxd3 27. cxd3 b5
28. Bd2 Bxa3 29. f5 0-1

[Event "Madrid ch - Final 2018"]
[Site "Madrid ESP"]
[Date "2018.05.27"]
[Round "2.9"]
[White "Martinez Fernandez, Raul"]
[Black "Barragan Arriaza, Pablo"]
[Result "1-0"]
[WhiteElo "2176"]
[BlackElo "2030"]
[PlyCount "111"]
[EventDate "2018.05.26"]
[EventType "swiss"]
[EventRounds "7"]
[EventCountry "ESP"]
[SourceTitle "Ajedrez en Madrid"]
[Source "lmi"]
[SourceDate "2018.05.26"]
[SourceVersion "1"]
[SourceVersionDate "2018.06.02"]
[SourceQuality "1"]

1. e4 d6 2. d4 Nf6 3. Nc3 g6 4. f3 c6 5. Be3 b5 6. Bd3 Qa5 7. a3 a6 8. Nge2 Bg7
9. O-O O-O 10. Ng3 e5 11. Nce2 Qc7 12. c3 Re8 13. f4 Ng4 14. Bc1 Qb6 15. Bb1 c5
16. h3 cxd4 17. hxg4 d3+ 18. Kh1 dxe2 19. Qxe2 exf4 20. Bxf4 Nd7 21. Ba2 Nf6
22. g5 Nxe4 23. Nxe4 Bf5 24. Bd5 Rxe4 25. Bxe4 Re8 26. Qd2 Rxe4 27. Rae1 Bf8
28. Rxe4 Bxe4 29. Be3 Qc6 30. Bd4 Qd5 31. Rf2 h6 32. Qf4 Bf5 33. gxh6 Kh7 34.
Bg7 Qd1+ 35. Rf1 Qh5+ 36. Kg1 Bxg7 37. hxg7 Kxg7 38. Qxd6 Qg5 39. Qd4+ Kg8 40.
Re1 Be6 41. Qe3 Qd5 42. Qd4 Qg5 43. Rd1 Kh7 44. Qf2 Bc4 45. Rd4 Kg7 46. Rf4 Kg8
47. Qh4 Qc5+ 48. Rd4 Kg7 49. Kh1 Bd5 50. Qh2 f6 51. Rh4 Qf2 52. Rh7+ Kg8 53.
Rh8+ Kf7 54. Qc7+ Ke6 55. Re8+ Kf5 56. Qd7+ 1-0

[Event "Madrid ch - Final 2018"]
[Site "Madrid ESP"]
[Date "2018.05.27"]
[Round "2.10"]
[White "Mkrtchyan, Levon"]
[Black "Lopez de Turiso, Jose Angel"]
[Result "1-0"]
[WhiteElo "2141"]
[BlackElo "2022"]
[PlyCount "97"]
[EventDate "2018.05.26"]
[EventType "swiss"]
[EventRounds "7"]
[EventCountry "ESP"]
[SourceTitle "Ajedrez en Madrid"]
[Source "lmi"]
[SourceDate "2018.05.26"]
[SourceVersion "1"]
[SourceVersionDate "2018.06.02"]
[SourceQuality "1"]

1. e4 e5 2. Nf3 Nc6 3. Bc4 Nf6 4. d4 exd4 5. e5 Ne4 6. O-O d5 7. Bb5 Bg4 8.
Qxd4 Bxf3 9. gxf3 Ng5 10. Qg4 Ne6 11. Nc3 a6 12. Bxc6+ bxc6 13. f4 h5 14. Qg3
g6 15. Ne2 h4 16. Qf3 Rg8 17. Kh1 Bh6 18. Rg1 Ng7 19. f5 g5 20. f6 Ne6 21. Qh5
Bf8 22. Bxg5 d4 23. Bxh4 Qd5+ 24. f3 Rxg1+ 25. Rxg1 Qxa2 26. h3 Qxb2 27. Rg7
O-O-O 28. Qxf7 Nxg7 29. fxg7 Bxg7 30. Bxd8 Kxd8 31. Qg8+ Kd7 32. Qxg7+ Ke8 33.
Qg8+ Kd7 34. Qf7+ Kc8 35. Qg8+ Kd7 36. Qg4+ Ke7 37. Qh4+ Ke8 38. Nxd4 Qc1+ 39.
Kg2 Qd2+ 40. Qf2 Qg5+ 41. Kh1 c5 42. f4 Qg8 43. Nf3 Qd5 44. Qg2 a5 45. Nd2 Qd4
46. Ne4 a4 47. Nf6+ Ke7 48. Qg7+ Ke6 49. Qg8+ 1-0